00825 2200169 4500245004700000020002200047250001100069100001900080650001700099005001900116260004200135041001400177084000800191300002300199500042400222336000900646 aDengerin Dong, Troy!cAde KumalasarihText a978-979-22-8423-2 aCet. 2 aAde Kumalasari aNovel Remaja a20240520091823 aJakartabGramedia Pustaka Utamac2012 aIndonesia a813 a216 hlm. :c20 cm. aMana ada cowok yang berani PDKT ke Lintang? Selain pinter, Lintang ketua OSIS pula. Meskipun pengin bangat punya pacar, Lintang menolak ketika Dinda mencalonkan Troy-sang komandan peleton inti di sekolah. Memang sih, Troy seganteng dewa-dewa Yunani. Tapi keras kepalanya itu lho, yang nggak nguatin. Apalagi dia selalu mengacau di seriap rapat OSIS. ''Nama lengkap Troy meskinya Troyble Maker deh!'' kata Lintang kesal. atext